[Event "Madrid 2023-2024ch - Previa A"]
[Site "Madrid ESP"]
[Date "2024.02.19"]
[Round "6.16"]
[White "Martin-Consuegra Barrilero, Javi"]
[Black "Cabanas Bravo, Juan Andres"]
[Result "1/2-1/2"]
[WhiteElo "1673"]
[BlackElo "1906"]
[PlyCount "117"]
[EventDate "2024.02.05"]
[EventType "swiss"]
[EventRounds "9"]
[EventCountry "ESP"]
[SourceTitle "Ajedrez en Madrid"]
[Source "lmi"]
[SourceDate "2024.02.06"]
[SourceVersion "1"]
[SourceVersionDate "2024.03.02"]
[SourceQuality "1"]

1. d4 Nf6 2. Nf3 c5 3. c3 g6 4. Bg5 Bg7 5. e3 Qb6 6. Qb3 d6 7. Nbd2 O-O 8. Be2
Na6 9. O-O Be6 10. Qxb6 axb6 11. a4 Bd7 12. Nc4 cxd4 13. exd4 Nd5 14. a5 h6 15.
Bd2 bxa5 16. Nxa5 b5 17. Rfe1 g5 18. h3 Nac7 19. Nb3 Ra4 20. Na5 Rb8 21. b3
Rxa1 22. Rxa1 Ne6 23. b4 Rc8 24. Rc1 Nef4 25. Bf1 Nb6 26. c4 bxc4 27. Nxc4 Nbd5
28. Ne3 Rxc1 29. Bxc1 Nxb4 30. Bd2 Nc6 31. d5 Nd4 32. Nxd4 Bxd4 33. Nc2 Bc5 34.
Ne3 Bxe3 35. Bxe3 Nxd5 36. Bd4 e5 37. Ba7 Kf8 38. f3 Ke7 39. Kf2 Nc3 40. Bd3 f5
41. g3 e4 42. fxe4 fxe4 43. Bf1 h5 44. h4 gxh4 45. gxh4 Nd5 46. Bc4 Bc6 47.
Bxd5 Bxd5 48. Ke3 Ke6 49. Kf4 Bc6 50. Ke3 Kf5 51. Bd4 d5 52. Bb2 Kg4 53. Bf6
Kg3 54. Bg5 Kg2 55. Bf6 Kg3 56. Bg5 Kg4 57. Bf6 Kf5 58. Bd4 Bb7 59. Bc3 1/2-1/2

[Event "Madrid 2023-2024ch - Previa A"]
[Site "Madrid ESP"]
[Date "2024.02.19"]
[Round "6.17"]
[White "Garcia Galeote, Lorenzo"]
[Black "Balsera Gomez, Antonio"]
[Result "1/2-1/2"]
[WhiteElo "1801"]
[BlackElo "1711"]
[PlyCount "75"]
[EventDate "2024.02.05"]
[EventType "swiss"]
[EventRounds "9"]
[EventCountry "ESP"]
[SourceTitle "Ajedrez en Madrid"]
[Source "lmi"]
[SourceDate "2024.02.06"]
[SourceVersion "1"]
[SourceVersionDate "2024.03.02"]
[SourceQuality "1"]

1. d4 d5 2. c4 e6 3. Nc3 a6 4. cxd5 exd5 5. Bf4 Nf6 6. Qc2 Bd6 7. Bxd6 Qxd6 8.
e3 O-O 9. Bd3 Re8 10. Nge2 Nc6 11. a3 Ne7 12. Ng3 g6 13. O-O h5 14. h3 h4 15.
Nge2 c6 16. Rad1 Nf5 17. Rfe1 Bd7 18. e4 dxe4 19. Nxe4 Nxe4 20. Bxe4 Ne7 21.
Nc3 Bf5 22. d5 cxd5 23. Qd2 Qf6 24. Bxf5 Qxf5 25. Qd4 Nc6 26. Qxd5 Rxe1+ 27.
Rxe1 Qxd5 28. Nxd5 Kf8 29. Re4 Rd8 30. Nb6 Rd1+ 31. Kh2 Rd2 32. b4 Rxf2 33.
Nd7+ Kg7 34. Rxh4 Ra2 35. Nc5 Rxa3 36. Nxb7 Ra4 37. Rc4 Rxb4 38. Rxc6 1/2-1/2

[Event "Madrid 2023-2024ch - Previa A"]
[Site "Madrid ESP"]
[Date "2024.02.19"]
[Round "6.18"]
[White "Cujba, Anca-Claudia"]
[Black "Marin Lopez, Jeronimo"]
[Result "1-0"]
[WhiteElo "1633"]
[BlackElo "1797"]
[PlyCount "75"]
[EventDate "2024.02.05"]
[EventType "swiss"]
[EventRounds "9"]
[EventCountry "ESP"]
[SourceTitle "Ajedrez en Madrid"]
[Source "lmi"]
[SourceDate "2024.02.06"]
[SourceVersion "1"]
[SourceVersionDate "2024.03.02"]
[SourceQuality "1"]

1. e4 d6 2. d4 Nf6 3. Nc3 Nbd7 4. Nge2 e5 5. g3 Be7 6. Bg2 O-O 7. O-O c6 8. a4
a5 9. h3 exd4 10. Nxd4 Nc5 11. f4 Qc7 12. g4 Kh8 13. g5 Ng8 14. f5 f6 15. g6 h6
16. Rf4 d5 17. exd5 Bd6 18. Rf1 Bd7 19. dxc6 bxc6 20. Qg4 Rfe8 21. Bf4 Rab8 22.
b3 Rb4 23. Nce2 Be5 24. c3 Rbb8 25. Bxe5 Qxe5 26. Qf3 Nxb3 27. Ra2 c5 28. Nxb3
Rxb3 29. Qd5 Qxd5 30. Bxd5 Rb6 31. Ng3 Ne7 32. c4 Rb4 33. Bf7 Reb8 34. Re1 Nxf5
35. Nxf5 Bxf5 36. Re7 Bd3 37. Rd2 Rb3 38. Rd7 1-0

[Event "Madrid 2023-2024ch - Previa A"]
[Site "Madrid ESP"]
[Date "2024.02.19"]
[Round "6.19"]
[White "Fernandez Rios, Jose Francisco"]
[Black "Fernandez Aransay, Fernando"]
[Result "1/2-1/2"]
[WhiteElo "1622"]
[BlackElo "1789"]
[PlyCount "29"]
[EventDate "2024.02.05"]
[EventType "swiss"]
[EventRounds "9"]
[EventCountry "ESP"]
[SourceTitle "Ajedrez en Madrid"]
[Source "lmi"]
[SourceDate "2024.02.06"]
[SourceVersion "1"]
[SourceVersionDate "2024.03.02"]
[SourceQuality "1"]

1. d4 f5 2. Nc3 Nf6 3. Bg5 e6 4. e4 fxe4 5. Nxe4 Be7 6. Bxf6 Bxf6 7. Nf3 O-O 8.
Bd3 b6 9. O-O Bb7 10. Qe2 Nc6 11. c3 Ne7 12. Nxf6+ gxf6 13. Be4 Bxe4 14. Qxe4
Ng6 15. Rfe1 1/2-1/2

[Event "Madrid 2023-2024ch - Previa A"]
[Site "Madrid ESP"]
[Date "2024.02.19"]
[Round "6.20"]
[White "Iribarren Galarza, Aritz"]
[Black "Diaz Garcia-Heras, Jose J."]
[Result "1/2-1/2"]
[WhiteElo "1777"]
[BlackElo "1697"]
[PlyCount "162"]
[EventDate "2024.02.05"]
[EventType "swiss"]
[EventRounds "9"]
[EventCountry "ESP"]
[SourceTitle "Ajedrez en Madrid"]
[Source "lmi"]
[SourceDate "2024.02.06"]
[SourceVersion "1"]
[SourceVersionDate "2024.03.02"]
[SourceQuality "1"]

1. e4 e5 2. Nf3 Nc6 3. Bb5 a6 4. Ba4 b5 5. Bb3 Nf6 6. O-O Bc5 7. d3 d6 8. h3
Be6 9. Bg5 h6 10. Bh4 g5 11. Bxe6 fxe6 12. Bg3 Nh5 13. Bh2 Nf4 14. c3 Qf6 15.
b4 Bb6 16. a4 Ke7 17. Bxf4 gxf4 18. Nbd2 Rag8 19. Kh1 Rg7 20. Ne1 Rhg8 21. Qe2
Nd8 22. Ndf3 Nf7 23. Rg1 Ng5 24. axb5 axb5 25. Rd1 Qf7 26. d4 Qh5 27. Kh2 Qg6
28. Nxg5 hxg5 29. f3 Qh6 30. Qxb5 g4 31. fxg4 Rxg4 32. Nf3 Rg3 33. Qf1 Qh7 34.
Re1 Kd8 35. Ra1 Qxe4 36. Qe1 Qxe1 37. Raxe1 exd4 38. cxd4 e5 39. Rd1 e4 40. Nh4
f3 41. gxf3 Rxg1 42. Rxg1 Rxg1 43. Kxg1 Bxd4+ 44. Kf1 exf3 45. Nxf3 Bc3 46. b5
Kd7 47. Ke2 d5 48. Kd3 Bf6 49. Nd4 Kd6 50. Ke3 Be5 51. h4 Kc5 52. Nf3 Bg7 53.
h5 Kxb5 54. Nd4+ Kc4 55. Ne6 Be5 56. h6 c5 57. h7 d4+ 58. Ke4 Bh8 59. Nf4 Kc3
60. Nd5+ Kb3 61. Kd3 c4+ 62. Kd2 Kb2 63. Kd1 c3 64. Nb4 Kb3 65. Nd3 Kc4 66. Kc2
Kd5 67. Nf4+ Ke4 68. Nd3 Kf5 69. Nc5 Kg6 70. Nd3 Kxh7 71. Nf4 Kh6 72. Nd3 Kg5
73. Nb4 Kf5 74. Kd3 Kf4 75. Nc2 Kf3 76. Nb4 Kf2 77. Nc2 Kf1 78. Nb4 Ke1 79. Na2
Kd1 80. Nb4 Bg7 81. Nc2 Bf8 1/2-1/2

[Event "Madrid 2023-2024ch - Previa A"]
[Site "Madrid ESP"]
[Date "2024.02.19"]
[Round "6.21"]
[White "Martin-Buitrago Lopez, Antonio"]
[Black "Sanchez Liso, Juan A"]
[Result "0-1"]
[WhiteElo "1739"]
[BlackElo "1507"]
[PlyCount "110"]
[EventDate "2024.02.05"]
[EventType "swiss"]
[EventRounds "9"]
[EventCountry "ESP"]
[SourceTitle "Ajedrez en Madrid"]
[Source "lmi"]
[SourceDate "2024.02.06"]
[SourceVersion "1"]
[SourceVersionDate "2024.03.02"]
[SourceQuality "1"]

1. e4 c5 2. Nc3 e6 3. f4 d5 4. Nf3 dxe4 5. Nxe4 Nc6 6. Bb5 Bd7 7. O-O Nf6 8.
Nf2 Qc7 9. Nd3 Qb6 10. Bc4 Na5 11. Nde5 Nxc4 12. Nxc4 Qc7 13. d3 Be7 14. Qe1 h6
15. Qg3 O-O-O 16. Nce5 Rdf8 17. a4 g5 18. Qe1 Nd5 19. fxg5 hxg5 20. Nxd7 Qxd7
21. Ne5 Qc7 22. g3 Bf6 23. Rxf6 Nxf6 24. Bxg5 Nd7 25. Bf4 Qb6 26. a5 Qb5 27.
Nc4 Qc6 28. a6 bxa6 29. Nd6+ Kd8 30. Qa5+ Qb6 31. Qxa6 Qxa6 32. Rxa6 e5 33. Be3
Ke7 34. Ne4 Rb8 35. b3 Rb7 36. h4 Rg8 37. Kf2 Rc7 38. Kf3 Rg6 39. Ra5 f5 40.
Bg5+ Kf7 41. Nc3 Rb7 42. Be3 a6 43. Na4 Rb5 44. Rxb5 axb5 45. Nxc5 Nf6 46. c4
bxc4 47. dxc4 Rg4 48. Bf2 e4+ 49. Kg2 f4 50. Kh3 e3 51. Be1 f3 52. Nd7 f2 53.
Bxf2 exf2 54. Ne5+ Ke6 55. Kg2 Kxe5 0-1

[Event "Madrid 2023-2024ch - Previa A"]
[Site "Madrid ESP"]
[Date "2024.02.19"]
[Round "6.22"]
[White "Morgado Manzanedo, Antonio"]
[Black "Guardiola Sevilla, Antonio"]
[Result "1/2-1/2"]
[WhiteElo "1722"]
[BlackElo "1607"]
[PlyCount "47"]
[EventDate "2024.02.05"]
[EventType "swiss"]
[EventRounds "9"]
[EventCountry "ESP"]
[SourceTitle "Ajedrez en Madrid"]
[Source "lmi"]
[SourceDate "2024.02.06"]
[SourceVersion "1"]
[SourceVersionDate "2024.03.02"]
[SourceQuality "1"]

1. e4 c5 2. Nf3 Nc6 3. d4 cxd4 4. Nxd4 a6 5. Nc3 Nf6 6. Be3 e5 7. Nf5 d6 8. Ng3
Be6 9. Nd5 Nxd5 10. exd5 Qa5+ 11. Qd2 Qxd2+ 12. Bxd2 Bxd5 13. O-O-O Be6 14. f4
f6 15. Be2 Rc8 16. Bf3 Be7 17. Kb1 O-O 18. Rhe1 Rc7 19. Bc3 Rfc8 20. Bd5 Bxd5
21. Rxd5 g6 22. Ne4 Rd8 23. Red1 Kf7 24. fxe5 1/2-1/2

[Event "Madrid 2023-2024ch - Previa A"]
[Site "Madrid ESP"]
[Date "2024.02.19"]
[Round "6.23"]
[White "Urosa Sanchez, Pablo"]
[Black "Aldea Moreno, Marina"]
[Result "1-0"]
[WhiteElo "1502"]
[BlackElo "1663"]
[PlyCount "153"]
[EventDate "2024.02.05"]
[EventType "swiss"]
[EventRounds "9"]
[EventCountry "ESP"]
[SourceTitle "Ajedrez en Madrid"]
[Source "lmi"]
[SourceDate "2024.02.06"]
[SourceVersion "1"]
[SourceVersionDate "2024.03.02"]
[SourceQuality "1"]

1. e4 c5 2. c3 Nf6 3. e5 Nd5 4. Nf3 Nc6 5. Bc4 Nb6 6. Bb3 c4 7. Bc2 g6 8. O-O
Bg7 9. Re1 O-O 10. d4 cxd3 11. Qxd3 d5 12. exd6 Qxd6 13. Qxd6 exd6 14. h3 Be6
15. Na3 a6 16. Bf4 d5 17. Ng5 Rfe8 18. Rad1 d4 19. Nxe6 fxe6 20. cxd4 Nxd4 21.
Be5 Nxc2 22. Nxc2 Bxe5 23. Rxe5 Nc4 24. Re4 Nxb2 25. Rb1 Nd3 26. Re3 Nc5 27.
Nd4 Rad8 28. Nf3 b5 29. Rc1 Rd5 30. Re5 Red8 31. Rxc5 R5d6 32. Rc7 Rd1+ 33. Re1
Rxe1+ 34. Nxe1 Rd1 35. Kf1 Ra1 36. Rc2 Kg7 37. Ke2 Kf6 38. Nd3 Rb1 39. Rb2
Rxb2+ 40. Nxb2 Ke5 41. Nd3+ Kd4 42. Kd2 Kc4 43. Kc2 a5 44. a3 Kd4 45. Nf4 Ke4
46. Ne2 Kd5 47. Kd3 Kc5 48. f4 Kd5 49. Nc3+ Kc5 50. Ne4+ Kc6 51. Ng5 Kd5 52.
Nxh7 e5 53. fxe5 Kxe5 54. Ng5 Kf4 55. Nf3 Kg3 56. Kc2 Kxg2 57. Nh4+ Kxh3 58.
Nxg6 Kg3 59. Kb3 Kf3 60. Ne5+ Ke4 61. Nc6 Kd5 62. Nxa5 Kc5 63. Kc3 Kb6 64. Kb4
Ka6 65. Nc6 Kb6 66. Nd4 Ka6 67. Nxb5 Kb6 68. Ka4 Ka6 69. Nd6 Kb6 70. Nc4+ Ka6
71. Kb4 Kb7 72. Kb5 Ka7 73. Nd6 Ka8 74. Kb6 Kb8 75. Nb5 Ka8 76. Nc7+ Kb8 77. a4
1-0

[Event "Madrid 2023-2024ch - Previa A"]
[Site "Madrid ESP"]
[Date "2024.02.19"]
[Round "6.24"]
[White "Pinto Fernandez, Silvio"]
[Black "Camarero Izquierdo, Juan Carlos"]
[Result "0-1"]
[WhiteElo "1530"]
[BlackElo "1725"]
[PlyCount "100"]
[EventDate "2024.02.05"]
[EventType "swiss"]
[EventRounds "9"]
[EventCountry "ESP"]
[SourceTitle "Ajedrez en Madrid"]
[Source "lmi"]
[SourceDate "2024.02.06"]
[SourceVersion "1"]
[SourceVersionDate "2024.03.02"]
[SourceQuality "1"]

1. e4 c5 2. Nf3 d6 3. c3 Nf6 4. d3 e6 5. Nbd2 Nc6 6. Be2 Qc7 7. Nb3 d5 8. exd5
Nxd5 9. d4 cxd4 10. Nbxd4 a6 11. O-O Bd6 12. g3 O-O 13. Re1 Nce7 14. Bf1 e5 15.
Nc2 f5 16. Qe2 e4 17. Ng5 h6 18. Nh3 Kh8 19. Qc4 Qd8 20. Nd4 Bd7 21. Ne2 Rc8
22. Qd4 Qc7 23. Nef4 Nf6 24. Be2 Bc5 25. Qd1 Rcd8 26. Qb3 Bc8 27. Ne6 Bxe6 28.
Qxe6 Rd6 29. Qb3 Rb6 30. Qc2 Nfd5 31. Bf4 Bd6 32. Bxd6 Rxd6 33. Qc1 e3 34. fxe3
Qb6 35. Bf3 Re8 36. Bxd5 Nxd5 37. Kf2 Rde6 38. Nf4 Rxe3 39. Rxe3 Nxe3 40. Kf3
Ng4 41. Qd2 Re3+ 42. Kg2 Qc6+ 43. Kh3 Qe8 44. Rd1 Kh7 45. Qd7 Nf2+ 46. Kg2 Qe4+
47. Kxf2 Rf3+ 48. Kg1 Qe3+ 49. Kg2 Qe4 50. Kh3 Rxf4 0-1

[Event "Madrid 2023-2024ch - Previa A"]
[Site "Madrid ESP"]
[Date "2024.02.19"]
[Round "6.25"]
[White "Perez Hernandez, Alfonso"]
[Black "Mejias Gonzalez, Pedro"]
[Result "1-0"]
[WhiteElo "1658"]
[BlackElo "1500"]
[PlyCount "65"]
[EventDate "2024.02.05"]
[EventType "swiss"]
[EventRounds "9"]
[EventCountry "ESP"]
[SourceTitle "Ajedrez en Madrid"]
[Source "lmi"]
[SourceDate "2024.02.06"]
[SourceVersion "1"]
[SourceVersionDate "2024.03.02"]
[SourceQuality "1"]

1. c4 e5 2. Nc3 Nc6 3. g3 d6 4. Bg2 Rb8 5. e4 Nd4 6. h3 Bd7 7. Nge2 c5 8. d3
Nf6 9. O-O Be7 10. Kh2 O-O 11. f4 Bc6 12. fxe5 dxe5 13. Nd5 Bxd5 14. exd5 Qd6
15. Nxd4 cxd4 16. a3 b6 17. b4 Nd7 18. Bd2 f5 19. Qe2 g5 20. Rae1 f4 21. gxf4
gxf4 22. Bf3 Bh4 23. Rg1+ Bg3+ 24. Kh1 Kh8 25. Ref1 Rg8 26. Be1 Bxe1 27. Rxe1
Rxg1+ 28. Rxg1 Rg8 29. Bg4 Nf6 30. Be6 Rxg1+ 31. Kxg1 Kg7 32. Qg2+ Kh6 33. h4
1-0

[Event "Madrid 2023-2024ch - Previa A"]
[Site "Madrid ESP"]
[Date "2024.02.19"]
[Round "6.26"]
[White "Martinez Miura, Enrique"]
[Black "Sanchez Arriola, Ignacio"]
[Result "0-1"]
[WhiteElo "1495"]
[BlackElo "1626"]
[PlyCount "118"]
[EventDate "2024.02.05"]
[EventType "swiss"]
[EventRounds "9"]
[EventCountry "ESP"]
[SourceTitle "Ajedrez en Madrid"]
[Source "lmi"]
[SourceDate "2024.02.06"]
[SourceVersion "1"]
[SourceVersionDate "2024.03.02"]
[SourceQuality "1"]

1. e4 c6 2. d4 d5 3. e5 Bf5 4. Bd3 Bxd3 5. Qxd3 e6 6. Ne2 c5 7. c3 Nc6 8. O-O
Qb6 9. Nd2 Nh6 10. Nf3 Nf5 11. Rb1 cxd4 12. cxd4 Rc8 13. a3 Na5 14. b3 Be7 15.
g4 Nh6 16. Bxh6 gxh6 17. a4 Kd7 18. Kh1 Bb4 19. g5 Rcg8 20. gxh6 Rg6 21. Rg1
Be7 22. Rxg6 hxg6 23. Qe3 Qd8 24. Rc1 Bf8 25. Qd3 a6 26. Rg1 Bxh6 27. Nd2 Qh4
28. Rg2 Bf8 29. Nf3 Qe7 30. Nd2 Bh6 31. f4 Qh4 32. Qg3 Qe7 33. Qd3 Qb4 34. Rg1
Rc8 35. Rg3 Rh8 36. Rg1 Bf8 37. Rc1 Be7 38. Rc2 Nc6 39. Rc1 Rc8 40. Nf3 Qa5 41.
Qc2 Qd8 42. Qd1 Qh8 43. Qg1 Qh5 44. Qg2 Qf5 45. Ng5 Bxg5 46. fxg5 Qd3 47. Qf2
Qe4+ 48. Kg1 Qg4+ 49. Kh1 Qe4+ 50. Kg1 Qg4+ 51. Kh1 Rf8 52. Rg1 Qe4+ 53. Qg2
Qd3 54. Rf1 Qxb3 55. Nf4 Ne7 56. Qg4 Nf5 57. Qe2 Qxa4 58. Rc1 Rc8 59. Qb2 Rxc1+
0-1

[Event "Madrid 2023-2024ch - Previa A"]
[Site "Madrid ESP"]
[Date "2024.02.19"]
[Round "6.28"]
[White "Carbo de Haya, Jaime"]
[Black "Ramos Antona, Enrique"]
[Result "0-1"]
[WhiteElo "1297"]
[BlackElo "1548"]
[PlyCount "83"]
[EventDate "2024.02.05"]
[EventType "swiss"]
[EventRounds "9"]
[EventCountry "ESP"]
[SourceTitle "Ajedrez en Madrid"]
[Source "lmi"]
[SourceDate "2024.02.06"]
[SourceVersion "1"]
[SourceVersionDate "2024.03.02"]
[SourceQuality "1"]

1. e4 c5 2. d4 cxd4 3. c3 dxc3 4. Nxc3 e6 5. Nf3 Bb4 6. Be2 Bxc3+ 7. bxc3 Ne7
8. O-O O-O 9. Bb2 Ng6 10. c4 Nf4 11. Re1 Nxe2+ 12. Rxe2 Qe7 13. Qd4 f6 14. e5
f5 15. Qf4 h6 16. h4 Kh7 17. Re3 Nc6 18. h5 b6 19. Nh4 Qg5 20. Qxg5 hxg5 21.
Ng6 Rf7 22. Ba3 Bb7 23. Rd1 Kh6 24. Rh3 a5 25. Rdd3 Nb4 26. Rd6 Bc6 27. Rd2 Rc8
28. Bxb4 axb4 29. Rb2 g4 30. Rh2 Ra8 31. f3 gxf3 32. gxf3 Bxf3 33. Kf2 Ra3 34.
Nf4 Bc6 35. Ke2 Rc3 36. Kd2 Rxc4 37. Kd3 Rxf4 38. a4 bxa3 39. Rxb6 Re4 40. Rb8
Rxe5 41. Rh8+ Kg5 42. Rg2+ 0-1

[Event "Madrid 2023-2024ch - Previa A"]
[Site "Madrid ESP"]
[Date "2024.02.19"]
[Round "6.30"]
[White "De Frutos Illana, Sergio"]
[Black "Rodriguez Rodriguez, Ricardo"]
[Result "1/2-1/2"]
[WhiteElo "1523"]
[BlackElo "1685"]
[PlyCount "89"]
[EventDate "2024.02.05"]
[EventType "swiss"]
[EventRounds "9"]
[EventCountry "ESP"]
[SourceTitle "Ajedrez en Madrid"]
[Source "lmi"]
[SourceDate "2024.02.06"]
[SourceVersion "1"]
[SourceVersionDate "2024.03.02"]
[SourceQuality "1"]

1. e4 c5 2. Nf3 Nc6 3. Bb5 e5 4. Bxc6 dxc6 5. O-O Bd6 6. h3 Ne7 7. d3 f6 8. Nh4
Be6 9. b3 Qd7 10. Kh2 g5 11. Qh5+ Bf7 12. Qf3 gxh4 13. Qxf6 Ng6 14. f4 Rf8 15.
f5 Bg8 16. Qg5 Be7 17. Qh5 O-O-O 18. Nd2 Nf4 19. Qf3 Bf7 20. Nc4 Bxc4 21. dxc4
Bg5 22. Be3 b6 23. Rad1 Qe7 24. Qg4 Qf6 25. b4 cxb4 26. c5 b5 27. Rd6 Rxd6 28.
cxd6 Rf7 29. Rd1 Kd7 30. Bxa7 Rg7 31. Qf3 Bh6 32. Rg1 Qg5 33. Bf2 Nh5 34. Qb3
Qf4+ 35. Kh1 Qxf2 36. Qe6+ Kd8 37. Qxh6 Ng3+ 38. Kh2 Ne2 39. Qf6+ Kc8 40. Qf8+
Kb7 41. Qxg7+ Kb6 42. Qc7+ Ka6 43. Qxc6+ Ka7 44. Qc7+ Ka6 45. Qc8+ 1/2-1/2

[Event "Madrid 2023-2024ch - Previa A"]
[Site "Madrid ESP"]
[Date "2024.02.19"]
[Round "6.31"]
[White "Gimenez Buiza, Fernando"]
[Black "Martinez Pintor, Juan"]
[Result "1-0"]
[WhiteElo "1745"]
[BlackElo "1566"]
[PlyCount "63"]
[EventDate "2024.02.05"]
[EventType "swiss"]
[EventRounds "9"]
[EventCountry "ESP"]
[SourceTitle "Ajedrez en Madrid"]
[Source "lmi"]
[SourceDate "2024.02.06"]
[SourceVersion "1"]
[SourceVersionDate "2024.03.02"]
[SourceQuality "1"]

1. d4 d5 2. Nc3 c6 3. Bf4 Nf6 4. e3 Bf5 5. f3 e6 6. g4 Bg6 7. h4 h5 8. g5 Ng8
9. Bd3 Bxd3 10. Qxd3 Bd6 11. Nge2 Ne7 12. O-O-O Ng6 13. Bg3 Bxg3 14. Nxg3 Qc7
15. f4 Nd7 16. Nce2 O-O-O 17. f5 Ne7 18. fxe6 fxe6 19. Qa3 Nf5 20. Nxf5 exf5
21. Qxa7 Nb6 22. Rd3 Nc4 23. Rb3 b5 24. Qxc7+ Kxc7 25. Rd3 Ra8 26. Kb1 Rae8 27.
Rh3 Nd6 28. Nf4 Ne4 29. Rf3 Kd6 30. Ng6 Rhg8 31. Rxf5 Re6 32. Ne5 1-0

[Event "Madrid 2023-2024ch - Previa A"]
[Site "Madrid ESP"]
[Date "2024.02.19"]
[Round "6.32"]
[White "Hernandez Gutierrez, Jose"]
[Black "Rubio Rivera, Felix"]
[Result "1-0"]
[WhiteElo "1712"]
[BlackElo "1491"]
[PlyCount "57"]
[EventDate "2024.02.05"]
[EventType "swiss"]
[EventRounds "9"]
[EventCountry "ESP"]
[SourceTitle "Ajedrez en Madrid"]
[Source "lmi"]
[SourceDate "2024.02.06"]
[SourceVersion "1"]
[SourceVersionDate "2024.03.02"]
[SourceQuality "1"]

1. d4 Nf6 2. c4 e6 3. g3 d5 4. Nf3 Be7 5. Bg2 O-O 6. O-O Nbd7 7. Qc2 Ne4 8. Nc3
f5 9. cxd5 Nxc3 10. bxc3 exd5 11. c4 Nb6 12. cxd5 Nxd5 13. Ne5 c6 14. Rb1 Bf6
15. f4 g6 16. e3 Kg7 17. Bd2 Re8 18. a4 a5 19. Rfc1 Re7 20. Qc5 Be6 21. Rb2 Rc7
22. Bxa5 Rxa5 23. Qxa5 Nxe3 24. Rcb1 Nxg2 25. Qxc7+ Qxc7 26. Rxb7 Qxb7 27.
Rxb7+ Kh6 28. Kxg2 Bd8 29. Nf7+ 1-0

[Event "Madrid 2023-2024ch - Previa A"]
[Site "Madrid ESP"]
[Date "2024.02.19"]
[Round "6.33"]
[White "Marcos Herrero, Francisco"]
[Black "Benito Mellado, Humberto"]
[Result "1-0"]
[WhiteElo "1828"]
[BlackElo "1330"]
[PlyCount "91"]
[EventDate "2024.02.05"]
[EventType "swiss"]
[EventRounds "9"]
[EventCountry "ESP"]
[SourceTitle "Ajedrez en Madrid"]
[Source "lmi"]
[SourceDate "2024.02.06"]
[SourceVersion "1"]
[SourceVersionDate "2024.03.02"]
[SourceQuality "1"]

1. d4 d5 2. c4 e6 3. g3 c5 4. cxd5 Qxd5 5. Nf3 Nc6 6. Nc3 Qd8 7. Be3 cxd4 8.
Nxd4 Nxd4 9. Bxd4 Nf6 10. Bg2 Be7 11. O-O O-O 12. e3 a6 13. Qb3 Rb8 14. Ba7 Ra8
15. Bb6 Qe8 16. a4 Nd7 17. a5 Nxb6 18. axb6 Bd8 19. Rfd1 Qe7 20. Ne4 Qe8 21.
Nd6 Qe7 22. Rac1 Bxb6 23. Qxb6 a5 24. Nxc8 Raxc8 25. Rxc8 Rxc8 26. Qxb7 Qxb7
27. Bxb7 Rb8 28. Rc1 Kf8 29. Rc8+ Rxc8 30. Bxc8 Ke7 31. Ba6 Kd6 32. Bd3 g6 33.
Bc2 Kc5 34. f4 Kd5 35. Kf2 f6 36. Ke2 Kc4 37. g4 f5 38. Kf3 Kd5 39. h4 fxg4+
40. Kxg4 e5 41. fxe5 Kxe5 42. h5 Kf6 43. h6 Kf7 44. Kg5 Ke7 45. Bxg6 hxg6 46.
h7 1-0

[Event "Madrid 2023-2024ch - Previa A"]
[Site "Madrid ESP"]
[Date "2024.02.19"]
[Round "6.34"]
[White "Lopez Manso, Jeronimo"]
[Black "Ortega Molina, Tomas"]
[Result "0-1"]
[WhiteElo "1298"]
[BlackElo "1538"]
[PlyCount "59"]
[EventDate "2024.02.05"]
[EventType "swiss"]
[EventRounds "9"]
[EventCountry "ESP"]
[SourceTitle "Ajedrez en Madrid"]
[Source "lmi"]
[SourceDate "2024.02.06"]
[SourceVersion "1"]
[SourceVersionDate "2024.03.02"]
[SourceQuality "1"]

1. f4 f5 2. Nf3 Nf6 3. c4 c5 4. e3 Nc6 5. d4 cxd4 6. exd4 d5 7. Nc3 e6 8. a3
Be7 9. b4 Ne4 10. Nxe4 dxe4 11. Ne5 Nxe5 12. fxe5 O-O 13. d5 Bg5 14. g3 f4 15.
h4 Bh6 16. g4 g5 17. Bb2 gxh4 18. Qd4 e3 19. Bd3 Qg5 20. O-O-O f3 21. Kb1 f2
22. Bc1 Bd7 23. b5 b6 24. Be2 Rac8 25. Rd3 f1=Q 26. Rxf1 Rxf1 27. Bxf1 Qg6 28.
Kb2 Rf8 29. Rd1 Rf2+ 30. Kc3 0-1

[Event "Madrid 2023-2024ch - Previa A"]
[Site "Madrid ESP"]
[Date "2024.02.19"]
[Round "6.38"]
[White "Gonzalez Bolado, David"]
[Black "de Villota Borrego, Pablo"]
[Result "1-0"]
[WhiteElo "1406"]
[BlackElo "1034"]
[PlyCount "99"]
[EventDate "2024.02.05"]
[EventType "swiss"]
[EventRounds "9"]
[EventCountry "ESP"]
[SourceTitle "Ajedrez en Madrid"]
[Source "lmi"]
[SourceDate "2024.02.06"]
[SourceVersion "1"]
[SourceVersionDate "2024.03.02"]
[SourceQuality "1"]

1. e4 e5 2. Nf3 Nc6 3. Bc4 h6 4. c3 Bc5 5. d4 exd4 6. cxd4 Bb4+ 7. Nc3 d6 8. a3
Bxc3+ 9. bxc3 Nf6 10. Qd3 Bg4 11. O-O Qe7 12. Re1 Bxf3 13. Qxf3 d5 14. Bd3
O-O-O 15. Bd2 Na5 16. exd5 Qd6 17. Rab1 Qxd5 18. Qxd5 Nxd5 19. c4 Nxc4 20. Bxc4
Nb6 21. Bxf7 Rxd4 22. Be3 Ra4 23. Bxb6 Rxa3 24. Bd4 h5 25. Re8+ Rxe8 26. Bxe8
Rd3 27. Bxg7 h4 28. h3 Rd6 29. Bh5 b6 30. f4 Kb7 31. f5 c6 32. f6 Rxf6 33. Bxf6
a5 34. Bd8 b5 35. Bxa5 Ka6 36. Bb4 Kb6 37. Rc1 Kc7 38. Bf3 Kd7 39. Bxc6+ Ke6
40. Rc5 Kd6 41. Bxb5 Ke6 42. Rh5 Kf6 43. Rxh4 Kg5 44. Rg4+ Kh6 45. Bf8+ Kh7 46.
Ba3 Kh8 47. Bb2+ Kh7 48. Bd3+ Kh6 49. Bc1+ Kh5 50. Bg6# 1-0

[Event "Madrid 2023-2024ch - Previa A"]
[Site "Madrid ESP"]
[Date "2024.02.20"]
[Round "7.1"]
[White "Ruiz Bellon, Manuel"]
[Black "Blazquez Sanz, Oscar"]
[Result "1-0"]
[WhiteElo "1843"]
[BlackElo "1924"]
[PlyCount "161"]
[EventDate "2024.02.05"]
[EventType "swiss"]
[EventRounds "9"]
[EventCountry "ESP"]
[SourceTitle "Ajedrez en Madrid"]
[Source "lmi"]
[SourceDate "2024.02.06"]
[SourceVersion "1"]
[SourceVersionDate "2024.03.02"]
[SourceQuality "1"]

1. Nf3 c5 2. g3 d5 3. d3 Nc6 4. Bg2 Nf6 5. O-O e5 6. c4 d4 7. e3 Be7 8. exd4
exd4 9. Bg5 O-O 10. Re1 h6 11. Bxf6 Bxf6 12. Nbd2 Bf5 13. Ne4 Bxe4 14. Rxe4 Re8
15. Nd2 Ne7 16. Qb3 b6 17. Qa4 Qc7 18. Rae1 Rad8 19. R4e2 Kf8 20. Ne4 Qb8 21.
Nxf6 gxf6 22. Qc2 Ng6 23. Be4 Kg7 24. Qd2 Qc8 25. Bxg6 Kxg6 26. Qf4 Rxe2 27.
Rxe2 Re8 28. Re4 Rxe4 29. Qxe4+ f5 30. Qe7 Qc6 31. Qxa7 Qe6 32. Kf1 f4 33. Qb7
fxg3 34. hxg3 h5 35. Qf3 f5 36. Kg2 Qd6 37. Qf4 Qc6+ 38. Qf3 Qd6 39. a3 Qd7 40.
Qa8 Qe6 41. Kf3 Qd6 42. Qg8+ Kf6 43. Qh8+ Kg6 44. Qe8+ Kg5 45. Qa8 Kf6 46. b4
cxb4 47. axb4 Qxb4 48. Qh8+ Kg6 49. Qxd4 Qb1 50. Qd6+ Kg7 51. Qe7+ Kg6 52. Qe6+
Kg7 53. Qxf5 Qh1+ 54. Ke2 Qb1 55. Qg5+ Kf8 56. Qxh5 Qc2+ 57. Ke3 Qc1+ 58. Kd4
Qa1+ 59. Ke4 Qe1+ 60. Kf4 Qd2+ 61. Kg4 Qd1+ 62. f3 Ke7 63. Qe5+ Kd7 64. d4 Kc6
65. Qe6+ Kb7 66. Qe4+ Kc7 67. d5 Qa1 68. Qe7+ Kb8 69. f4 Qd1+ 70. Kg5 Qd3 71.
Qe8+ Kb7 72. Qc6+ Ka7 73. g4 Qh7 74. f5 Qg7+ 75. Qg6 Qe7+ 76. Qf6 Qe4 77. d6
Qxc4 78. Qe6 Qc1+ 79. Kg6 Qd1 80. g5 b5 81. Qe7+ 1-0